[Event "Schnitka mem."]
[Site "Edmonton CAN"]
[Date "1998.03.09"]
[Round "3"]
[White "Quiring, John"]
[Black "Ottosen, David"]
[Result "0-1"]
[WhiteElo "1992"]
[BlackElo "2190"]
[PlyCount "70"]
[GameId "2160767911873873"]
[EventDate "1998.02.23"]
[EventType "swiss"]
[EventRounds "6"]
[EventCountry "CAN"]

1. e4 d5 2. exd5 Nf6 3. Nc3 Nxd5 4. d4 Nxc3 5. bxc3 g6 6. Nf3 Bg7 7. Bc4 O-O 8. O-O c5 9. Qe2 Nc6 10. Be3 Qa5 11. Rab1 Qxc3 12. Rb3 Qa5 13. Rb5 Qc7 14. Rxc5 b6 15. Rb5 Bg4 16. h3 Nxd4 17. Bxd4 Bxf3 18. Qxf3 Qxc4 19. Bxg7 Kxg7 20. Qb3 Rac8 21. Re1 e6 22. a4 Qxc2 23. a5 Qxb3 24. Rxb3 bxa5 25. Ra3 Rc5 26. Rea1 Rb8 27. Rxa5 Rb1+ 28. Kh2 Rxa1 29. Rxa1 a5 30. g3 Kf6 31. Kg2 Ke5 32. Kf3 Kd4 33. Rd1+ Kc3 34. Rd7 a4 35. Ke4 a3 0-1

[Event "Schnitka mem."]
[Site "Edmonton CAN"]
[Date "1998.03.16"]
[Round "4"]
[White "Fullbrook, Nigel"]
[Black "Ottosen, David"]
[Result "1-0"]
[WhiteElo "2350"]
[BlackElo "2190"]
[PlyCount "55"]
[GameId "2160767911873874"]
[EventDate "1998.02.23"]
[EventType "swiss"]
[EventRounds "6"]
[EventCountry "CAN"]

1. e4 c5 2. f4 d5 3. exd5 Nf6 4. c4 e6 5. dxe6 Bxe6 6. Nf3 Nc6 7. Nc3 Bd6 8. d3 O-O 9. Be2 Qd7 10. O-O Rad8 11. Ne4 Be7 12. Be3 b6 13. Nf2 Bf5 14. Ne5 Qc7 15. Nxc6 Qxc6 16. Bf3 Qc7 17. g4 Be6 18. g5 Nd7 19. Be4 f5 20. Bg2 Ne5 21. fxe5 Qxe5 22. Qf3 f4 23. Rae1 fxe3 24. Qxe3 Qxe3 25. Rxe3 Bxc4 26. Rxe7 Bxd3 27. Nxd3 Rxf1+ 28. Bxf1 1-0

[Event "Schnitka mem."]
[Site "Edmonton CAN"]
[Date "1998.03.16"]
[Round "4"]
[White "Kazakevich, Anastasia"]
[Black "Kazakevich, Alexander"]
[Result "1-0"]
[WhiteElo "1304"]
[BlackElo "1593"]
[PlyCount "90"]
[GameId "2160767911873875"]
[EventDate "1998.02.23"]
[EventType "swiss"]
[EventRounds "6"]
[EventCountry "CAN"]
[SourceTitle "Albertabase"]
[SourceDate "2003.08.17"]
[SourceVersion "1"]
[SourceVersionDate "2003.08.17"]
[SourceQuality "1"]

1. d4 d5 2. c4 dxc4 3. e3 e6 4. Bxc4 Nf6 5. Nc3 c5 6. Nf3 cxd4 7. Qxd4 Qxd4 8. Nxd4 Bc5 9. Nb3 Bb6 10. O-O O-O 11. Bd2 Nc6 12. Rad1 Bd7 13. Rfe1 a6 14. h3 Rad8 15. e4 Ne5 16. Bf1 Bc6 17. Bf4 Ng6 18. Rxd8 Rxd8 19. Bg3 h6 20. Kh1 Kf8 21. Bc4 Ke7 22. Kg1 Ba7 23. a4 Nf8 24. Kf1 N8d7 25. a5 Nc5 26. Nxc5 Bxc5 27. e5 Nd5 28. Bh4+ f6 29. Nxd5+ Bxd5 30. exf6+ gxf6 31. Rc1 Bxc4+ 32. Rxc4 Rd5 33. f3 e5 34. Ke2 Ke6 35. g4 f5 36. g5 hxg5 37. Bxg5 Be7 38. Bxe7 Kxe7 39. Rc7+ Rd7 40. Rxd7+ Kxd7 41. Kf2 Ke6 42. Kg3 Kf6 43. h4 Kg6 44. f4 exf4+ 45. Kxf4 Kf6 1-0

[Event "Schnitka mem."]
[Site "Edmonton CAN"]
[Date "1998.03.23"]
[Round "5"]
[White "Blundell, Scott"]
[Black "Kazakevich, Anastasia"]
[Result "1-0"]
[WhiteElo "1797"]
[BlackElo "1304"]
[PlyCount "57"]
[GameId "2160767911873876"]
[EventDate "1998.02.23"]
[EventType "swiss"]
[EventRounds "6"]
[EventCountry "CAN"]
[SourceTitle "Albertabase"]
[SourceDate "2003.08.17"]
[SourceVersion "1"]
[SourceVersionDate "2003.08.17"]
[SourceQuality "1"]

1. e4 e5 2. Nf3 Nc6 3. Bb5 a6 4. Bxc6 bxc6 5. d4 exd4 6. Nxd4 Bc5 7. Be3 Nf6 8. f3 Bxd4 9. Qxd4 d6 10. e5 dxe5 11. Qxe5+ Qe7 12. Qxe7+ Kxe7 13. Nd2 Bf5 14. c3 Rhe8 15. Kf2 Rad8 16. Rhe1 Kd7 17. Nb3 Kc8 18. Nc5 a5 19. Bg5 Rxe1 20. Rxe1 Kb8 21. b4 axb4 22. cxb4 h6 23. Bxf6 gxf6 24. a3 Rd2+ 25. Re2 Rd1 26. Re8+ Ka7 27. Re7 Ra1 28. Rxc7+ Kb6 29. Rb7# 1-0

[Event "Schnitka mem."]
[Site "Edmonton CAN"]
[Date "1998.03.30"]
[Round "6"]
[White "Stefanyshyn, Jerry"]
[Black "Kazakevich, Anastasia"]
[Result "0-1"]
[WhiteElo "1587"]
[BlackElo "1304"]
[PlyCount "104"]
[GameId "2160767911873877"]
[EventDate "1998.02.23"]
[EventType "swiss"]
[EventRounds "6"]
[EventCountry "CAN"]
[SourceTitle "Albertabase"]
[SourceDate "2003.08.17"]
[SourceVersion "1"]
[SourceVersionDate "2003.08.17"]
[SourceQuality "1"]

1. e4 e5 2. d4 exd4 3. Nf3 Nc6 4. Bc4 Be7 5. O-O d6 6. Nxd4 Nxd4 7. Qxd4 Nf6 8. Nd2 c5 9. Qc3 O-O 10. Re1 Qc7 11. Nf3 Bg4 12. Bf4 Rad8 13. e5 dxe5 14. Bxe5 Qc6 15. Rad1 Rfe8 16. Qb3 Be6 17. Ng5 Bxc4 18. Qxc4 Nd5 19. Nf3 Nf6 20. Bf4 Rxd1 21. Rxd1 Rd8 22. Re1 Bd6 23. Be5 Bxe5 24. Nxe5 Qd5 25. Qxd5 Rxd5 26. Ng4 Rd2 27. Nxf6+ gxf6 28. Rc1 Kf8 29. Kf1 Ke7 30. Ke1 Rd6 31. Rd1 Rxd1+ 32. Kxd1 Kd6 33. Kd2 Kd5 34. Kd3 b6 35. c4+ Ke5 36. f3 Kf4 37. a3 a6 38. b4 cxb4 39. axb4 Ke5 40. g3 Kd6 41. Kd4 a5 42. c5+ bxc5+ 43. bxc5+ Kc6 44. Kc4 a4 45. h4 a3 46. Kb3 Kxc5 47. Kxa3 Kd4 48. Kb4 Ke3 49. Kc5 Kxf3 50. Kd6 Kxg3 51. Ke7 Kxh4 52. Kxf6 h5 0-1

[Event "Simcoe Day op"]
[Site "Toronto CAN"]
[Date "1998.07.31"]
[Round "1"]
[White "Cohen, David"]
[Black "Dutton, Warren"]
[Result "1/2-1/2"]
[WhiteElo "2027"]
[BlackElo "2133"]
[PlyCount "48"]
[GameId "2160767911806863"]
[EventDate "1998.07.31"]
[EventType "swiss"]
[EventRounds "5"]
[EventCountry "CAN"]

1. Nf3 Nf6 2. c4 c5 3. Nc3 Nc6 4. g3 g6 5. Bg2 Bg7 6. O-O O-O 7. d4 cxd4 8. Nxd4 Ne5 9. Qb3 d6 10. Bf4 Nfd7 11. Ne4 Qb6 12. Qxb6 axb6 13. Bxe5 Nxe5 14. Nd2 Nxc4 15. Nxc4 Bxd4 16. e3 b5 17. exd4 bxc4 18. Bd5 Be6 19. Bxe6 fxe6 20. Rfe1 Rf6 21. a3 Ra4 22. Rac1 Kf7 23. Rc3 Rf5 24. Rce3 Rf6 1/2-1/2

[Event "Simcoe Day op"]
[Site "Toronto CAN"]
[Date "1998.08.01"]
[Round "2"]
[White "Cohen, David"]
[Black "Meng, Ang"]
[Result "1/2-1/2"]
[WhiteElo "2027"]
[BlackElo "2155"]
[PlyCount "106"]
[GameId "2160767911806864"]
[EventDate "1998.07.31"]
[EventType "swiss"]
[EventRounds "5"]
[EventCountry "CAN"]

1. Nf3 Nf6 2. c4 g6 3. Nc3 Bg7 4. g3 b6 5. Bg2 Bb7 6. O-O h5 7. d4 d6 8. Bg5 Nbd7 9. Qc2 Nh7 10. Bd2 e5 11. dxe5 dxe5 12. Rfd1 O-O 13. Rac1 c6 14. Ne4 Qe7 15. Bc3 Rad8 16. Rd2 Ndf6 17. Nxf6+ Bxf6 18. Rcd1 Rxd2 19. Qxd2 Qe6 20. b3 c5 21. Qe3 e4 22. Nd2 Bg5 23. f4 exf3 24. Qxe6 fxe6 25. Nxf3 Be3+ 26. Kh1 Ng5 27. Rd7 Rf7 28. Rd8+ Rf8 29. Rxf8+ Kxf8 30. Nxg5 Bxg2+ 31. Kxg2 Bxg5 32. Be5 Ke8 33. Bb8 Kd7 34. Kf3 a6 35. Ke4 Bf6 36. Be5 Be7 37. Bg7 Bd6 38. Bf6 Kc6 39. Be5 Be7 40. h3 b5 41. g4 hxg4 42. hxg4 bxc4 43. bxc4 Kb6 44. Bc3 Bd6 45. Be5 Bf8 46. Bc3 Bh6 47. Kd3 Bf4 48. Ke4 Bg3 49. Kf3 Bh2 50. Ke4 Kc6 51. Be5 Bg1 52. Kf4 Bh2+ 53. Ke4 Bg1 1/2-1/2

[Event "Simcoe Day op"]
[Site "Toronto CAN"]
[Date "1998.08.01"]
[Round "3"]
[White "Mitro, Dave"]
[Black "Cohen, David"]
[Result "1/2-1/2"]
[WhiteElo "2028"]
[BlackElo "2027"]
[PlyCount "49"]
[GameId "2160767911872401"]
[EventDate "1998.07.31"]
[EventType "swiss"]
[EventRounds "5"]
[EventCountry "CAN"]

1. e4 c5 2. Nf3 d6 3. d4 cxd4 4. Nxd4 Nf6 5. Nc3 Nc6 6. f3 a6 7. Be3 e6 8. Qd2 Qc7 9. g4 h6 10. O-O-O Nxd4 11. Bxd4 Nd7 12. f4 b5 13. f5 Bb7 14. fxe6 fxe6 15. Bg2 Be7 16. Kb1 e5 17. Be3 b4 18. Nd5 Bxd5 19. Qxd5 Rc8 20. Rd2 Qc4 21. Qa5 Nc5 22. Bxc5 Rxc5 23. Qa4+ Qb5 24. Qb3 Qc4 25. Qa4+ 1/2-1/2

[Event "Simcoe Day op"]
[Site "Toronto CAN"]
[Date "1998.08.02"]
[Round "4"]
[White "Demmery, Steve"]
[Black "Cohen, David"]
[Result "0-1"]
[WhiteElo "2060"]
[BlackElo "2027"]
[PlyCount "64"]
[GameId "2160767740584184"]
[EventDate "1998.07.31"]
[EventType "swiss"]
[EventRounds "5"]
[EventCountry "CAN"]

1. d4 Nf6 2. c4 g6 3. Nc3 d5 4. Bf4 c6 5. e3 Bg7 6. h3 O-O 7. Nf3 Bf5 8. Be2 dxc4 9. Bxc4 Qb6 10. Qe2 Nbd7 11. O-O Ne4 12. Rfd1 Nxc3 13. bxc3 Be4 14. Nd2 Nf6 15. f3 Bd5 16. Bd3 Rfd8 17. Rdb1 Qa5 18. c4 Be6 19. Rxb7 Rac8 20. Rbb1 Qh5 21. Nb3 Nd7 22. c5 Bxb3 23. axb3 Ra8 24. Ra4 e5 25. Bh2 exd4 26. exd4 Nf8 27. Be5 Bxe5 28. dxe5 Ne6 29. Rc1 Qg5 30. Rcc4 Rd5 31. f4 Qg3 32. Bc2 Rad8 {Rating after the game (2055) >= 2050 for the first time} 0-1

[Event "Simcoe Day op"]
[Site "Toronto CAN"]
[Date "1998.08.02"]
[Round "5"]
[White "Cohen, David"]
[Black "Zambo, Victor"]
[Result "1/2-1/2"]
[WhiteElo "2027"]
[BlackElo "1912"]
[PlyCount "62"]
[GameId "2160767740584185"]
[EventDate "1998.07.31"]
[EventType "swiss"]
[EventRounds "5"]
[EventCountry "CAN"]

1. Nf3 Nf6 2. c4 g6 3. Nc3 Bg7 4. d4 O-O 5. g3 Re8 6. Bg2 d6 7. O-O Nbd7 8. e4 e5 9. d5 Rf8 10. Be3 Ng4 11. Qd2 Nxe3 12. Qxe3 a5 13. Ne1 Nc5 14. Nd3 Nxd3 15. Qxd3 f5 16. Rac1 Bd7 17. b3 Bh6 18. Rc2 f4 19. Nb5 Rf7 20. c5 f3 21. Bh1 Bg4 22. cxd6 cxd6 23. Rc3 Bg5 24. Rb1 h5 25. Qd1 Qf6 26. Rc7 Raf8 27. Rxf7 Rxf7 28. Rb2 h4 29. Rc2 hxg3 30. hxg3 Rf8 31. Rc7 Rb8 {4th place Rating at the end of the tournament (2050) >= 2050 for the first time} 1/2-1/2

[Event "Skeel mem"]
[Site "Edmonton CAN"]
[Date "1998.06.12"]
[Round "2"]
[White "Kazakevich, Anastasia"]
[Black "Quiring, John"]
[Result "0-1"]
[WhiteElo "1456"]
[BlackElo "1983"]
[PlyCount "87"]
[GameId "2160767911872919"]
[EventDate "1998.06.05"]
[EventType "swiss"]
[EventRounds "4"]
[EventCountry "CAN"]
[SourceTitle "Albertabase"]
[SourceDate "2003.08.17"]
[SourceVersion "1"]
[SourceVersionDate "2003.08.17"]
[SourceQuality "1"]

1. d4 Nf6 2. c4 g6 3. Nc3 d5 4. e3 Bg7 5. Nf3 O-O 6. Bd3 c5 7. b3 Nc6 8. cxd5 cxd4 9. exd4 Nxd5 10. Nxd5 Qxd5 11. Bc4 Qe4+ 12. Be3 Bg4 13. Bd3 Qd5 14. Bc4 Qh5 15. Be2 Rad8 16. h3 Nxd4 17. Nxd4 Bxe2 18. Qxe2 Qxe2+ 19. Kxe2 Bxd4 20. Bxd4 Rxd4 21. Rad1 Rfd8 22. Rxd4 Rxd4 23. Rc1 Rd7 24. a4 h5 25. Rd1 Rxd1 26. Kxd1 e5 27. Kd2 f5 28. f3 Kf7 29. b4 Ke6 30. Kc3 Kd5 31. a5 h4 32. Kd3 g5 33. b5 e4+ 34. fxe4+ fxe4+ 35. Ke3 Ke5 36. b6 a6 37. Ke2 Kd4 38. Kd2 e3+ 39. Ke2 Ke4 40. Ke1 Kd3 41. Kd1 e2+ 42. Ke1 Ke3 43. g4 hxg3 44. h4 0-1

[Event "Skeel mem"]
[Site "Edmonton CAN"]
[Date "1998.06.19"]
[Round "3"]
[White "Kazakevich, Alexander"]
[Black "Ottosen, David"]
[Result "0-1"]
[WhiteElo "1637"]
[BlackElo "2148"]
[PlyCount "112"]
[GameId "2160767911872920"]
[EventDate "1998.06.05"]
[EventType "swiss"]
[EventRounds "4"]
[EventCountry "CAN"]

1. d4 d5 2. c4 c6 3. e3 Nf6 4. Nc3 e6 5. Bd3 Nbd7 6. Nf3 dxc4 7. Bxc4 b5 8. Bd3 a6 9. O-O c5 10. b3 Bb7 11. Bb2 Bd6 12. Nxb5 axb5 13. Bxb5 O-O 14. dxc5 Bxc5 15. Ne5 Nxe5 16. Bxe5 Qd5 17. Qxd5 Nxd5 18. Rfc1 Ba3 19. Rc2 Rfc8 20. Rxc8+ Rxc8 21. Bc4 Nb6 22. Bd3 f6 23. Bd4 Bc5 24. Bxc5 Rxc5 25. b4 Rc3 26. Be2 Ra3 27. Kf1 Bd5 28. g3 Rxa2 29. Rxa2 Bxa2 30. Ke1 Bc4 31. b5 Kf7 32. Kd2 Bxe2 33. Kxe2 Ke7 34. Kd3 Kd6 35. Kd4 f5 36. f4 Nd7 37. e4 fxe4 38. Kxe4 Kc5 39. f5 e5 40. g4 Kxb5 41. g5 Kc6 42. h4 Kd6 43. h5 Nf8 44. g6 hxg6 45. fxg6 Ke6 46. h6 Nxg6 47. h7 Nh8 48. Ke3 Kf5 49. Kf3 e4+ 50. Ke3 g5 51. Ke2 Kf4 52. Kf2 g4 53. Kg2 e3 54. Kg1 Kf3 55. Kf1 e2+ 56. Kg1 g3 0-1

[Event "Skeel mem"]
[Site "Edmonton CAN"]
[Date "1998.06.19"]
[Round "3"]
[White "Verlik, Val"]
[Black "Kazakevich, Anastasia"]
[Result "1/2-1/2"]
[WhiteElo "1651"]
[BlackElo "1456"]
[PlyCount "69"]
[GameId "2160767911872921"]
[EventDate "1998.06.05"]
[EventType "swiss"]
[EventRounds "4"]
[EventCountry "CAN"]
[SourceTitle "Albertabase"]
[SourceDate "2003.08.17"]
[SourceVersion "1"]
[SourceVersionDate "2003.08.17"]
[SourceQuality "1"]

1. e4 e5 2. Nf3 Nc6 3. Nc3 Bc5 4. Na4 Be7 5. b3 Nf6 6. d3 d6 7. Be2 O-O 8. O-O Bg4 9. Bb2 Qd7 10. Nc3 d5 11. exd5 Nxd5 12. Ne4 Bd6 13. Nxd6 cxd6 14. Nd2 Bxe2 15. Qxe2 Qf5 16. Qe4 Qxe4 17. Nxe4 Rad8 18. Rad1 f5 19. Ng5 Rfe8 20. c3 h6 21. Nf3 Nf6 22. Rd2 Rd7 23. Nh4 f4 24. Re1 d5 25. Rde2 Rde7 26. Ng6 Re6 27. Nxf4 R6e7 28. Ng6 Re6 29. Ba3 e4 30. d4 Ng4 31. Nf4 Rf6 32. Nxd5 Rf5 33. Ne3 Nxe3 34. fxe3 Rf6 35. Bd6 1/2-1/2

[Event "Southern Alberta op"]
[Site "Calgary CAN"]
[Date "1998.11.14"]
[Round "3"]
[White "Tot, Nandor"]
[Black "Lapides, Andrew"]
[Result "0-1"]
[WhiteElo "2210"]
[BlackElo "2289"]
[PlyCount "49"]
[GameId "2160767911806069"]
[EventDate "1998.11.14"]
[EventType "swiss"]
[EventRounds "5"]
[EventCountry "CAN"]

1. d4 e6 2. Nf3 f5 3. c4 Nf6 4. Nc3 d5 5. e3 c6 6. c5 b6 7. b4 a5 8. Na4 Nbd7 9. Bd2 axb4 10. Bxb4 Ne4 11. Qc2 Be7 12. Bd3 Ba6 13. Bxe4 fxe4 14. Nd2 O-O 15. a3 Bd3 16. Qb3 bxc5 17. Nxc5 Nxc5 18. dxc5 Bh4 19. g3 Qf6 20. O-O-O Qa1+ 21. Nb1 Bf6 22. Rd2 Bc4 23. Qc2 Rfb8 24. Rd4 Bxd4 25. exd4 0-1

[Event "Spring Frost"]
[Site "Ottawa CAN"]
[Date "1998.03.19"]
[Round "1"]
[White "Sarkar, Prosanto"]
[Black "Pacey, Kevin"]
[Result "0-1"]
[WhiteElo "2265"]
[BlackElo "2301"]
[PlyCount "56"]
[GameId "2160767911873683"]
[EventDate "1998.03.26"]
[EventType "swiss"]
[EventRounds "5"]
[EventCountry "CAN"]

1. Nf3 Nc6 2. e4 e6 3. d4 d5 4. Nbd2 Nf6 5. e5 Nd7 6. c3 f6 7. exf6 Qxf6 8. Bb5 Bd6 9. Nf1 a6 10. Ba4 e5 11. dxe5 Ncxe5 12. Nxe5 Qxe5+ 13. Qe2 O-O 14. Be3 Qe4 15. Bb3 Qxg2 16. O-O-O Nf6 17. Nd2 Bg4 18. Qf1 Qxf1 19. Rdxf1 Rae8 20. h3 Bh5 21. Rhg1 c6 22. Rg2 Bg6 23. Rfg1 Nh5 24. Bc2 Bxc2 25. Kxc2 g6 26. Rxg6+ hxg6 27. Rxg6+ Ng7 28. Rxd6 Nf5 0-1

[Event "Spring Frost"]
[Site "Ottawa CAN"]
[Date "1998.03.26"]
[Round "2"]
[White "Pacey, Kevin"]
[Black "Saleh, Maher"]
[Result "1-0"]
[WhiteElo "2301"]
[BlackElo "2311"]
[PlyCount "133"]
[GameId "2160767911873684"]
[EventDate "1998.03.26"]
[EventType "swiss"]
[EventRounds "5"]
[EventCountry "CAN"]

1. d4 Nf6 2. c4 g6 3. Nc3 d5 4. cxd5 Nxd5 5. e4 Nxc3 6. bxc3 Bg7 7. Bc4 c5 8. Ne2 Nc6 9. Be3 O-O 10. O-O Qc7 11. Rc1 Rd8 12. Kh1 e6 13. f4 Na5 14. Bd3 f5 15. Ng1 b6 16. Nf3 Bb7 17. exf5 Bxf3 18. Qxf3 exf5 19. Rcd1 Qc6 20. Qxc6 Nxc6 21. dxc5 bxc5 22. Bc4+ Kh8 23. Bd5 Rdc8 24. Bxc5 Bxc3 25. Rc1 Bb2 26. Bxc6 Rxc6 27. Bd4+ Bxd4 28. Rxc6 Re8 29. Rc7 h5 30. Rd7 Bb6 31. h4 Kg8 32. Rc1 Kf8 33. g3 Rb8 34. Kg2 Rd8 35. Rxd8+ Bxd8 36. Rc6 Kf7 37. Kf3 Bb6 38. a4 Kg7 39. Ke2 Kf7 40. Rd6 Bc5 41. Rd5 Bg1 42. Kf1 Be3 43. a5 Kf6 44. Rd6+ Kf7 45. Rc6 Bd4 46. Ke2 Bg1 47. Ra6 Bc5 48. Rc6 Bg1 49. Kd2 Bd4 50. Kc2 Bf2 51. Rc3 Bd4 52. Rd3 Bf2 53. Kb3 Kf6 54. Kc4 Ke6 55. Kb5 Kf6 56. Kc6 Kg7 57. Kb7 Kf7 58. Kb8 Ke8 59. Rf3 Bd4 60. Rb3 Bf2 61. a6 Kd8 62. Rf3 Bg1 63. Rd3+ Ke7 64. Rb3 Bf2 65. Rb7+ Ke6 66. Rxa7 Bxg3 67. Rc7 1-0

[Event "Spring Frost"]
[Site "Ottawa CAN"]
[Date "1998.04.02"]
[Round "3"]
[White "Djerkovic, Miladin"]
[Black "Pacey, Kevin"]
[Result "1/2-1/2"]
[WhiteElo "2399"]
[BlackElo "2301"]
[PlyCount "129"]
[GameId "2160767911873685"]
[EventDate "1998.03.26"]
[EventType "swiss"]
[EventRounds "5"]
[EventCountry "CAN"]

1. e4 e6 2. d4 d5 3. Nc3 Bb4 4. e5 c5 5. a3 Bxc3+ 6. bxc3 Qc7 7. Qg4 f5 8. Qh5+ g6 9. Qd1 Bd7 10. Nf3 Nc6 11. dxc5 Nxe5 12. Bf4 Nd3+ 13. cxd3 Qxf4 14. Be2 Ne7 15. Rb1 Qc7 16. d4 O-O 17. Qd2 b6 18. Qh6 Rf7 19. Ne5 Rg7 20. cxb6 axb6 21. Nxd7 Qxd7 22. Rxb6 Nc8 23. Rb3 Qd6 24. O-O Rxa3 25. Rxa3 Qxa3 26. Qe3 Re7 27. h4 Qd6 28. f4 h5 29. Ra1 Ra7 30. Rxa7 Nxa7 31. c4 Nc6 32. c5 Qe7 33. Bb5 Na7 34. Ba4 Kf7 35. g3 Qb7 36. Qc3 Qb1+ 37. Kf2 Nc8 38. Bd7 Qa2+ 39. Kf3 Na7 40. Qe3 Qa6 41. Kg2 Nb5 42. Bxb5 Qxb5 43. Qc3 Qe2+ 44. Kg1 Qd1+ 45. Kf2 Qh1 46. Ke3 Qd1 47. Kf2 Qh1 48. Ke2 Ke7 49. Kd2 Qg2+ 50. Kc1 Qf1+ 51. Kc2 Kf7 52. Qd3 Qa1 53. Kb3 Qa5 54. Qc3 Qb5+ 55. Kc2 Qe2+ 56. Kb3 Qb5+ 57. Ka3 Qa6+ 58. Kb4 Qb7+ 59. Ka4 Qa6+ 60. Qa5 Qc4+ 61. Qb4 Qa6+ 62. Kb3 Qd3+ 63. Ka2 Qc2+ 64. Ka3 Qd3+ 65. Ka4 1/2-1/2

[Event "Spring Frost"]
[Site "Ottawa CAN"]
[Date "1998.04.09"]
[Round "4"]
[White "Simic, Dusan"]
[Black "Pacey, Kevin"]
[Result "0-1"]
[WhiteElo "2155"]
[BlackElo "2301"]
[PlyCount "62"]
[GameId "2160767911873686"]
[EventDate "1998.03.26"]
[EventType "swiss"]
[EventRounds "5"]
[EventCountry "CAN"]

1. c4 b6 2. d4 Bb7 3. Nc3 e6 4. Nf3 Bb4 5. e3 Nf6 6. Bd3 Ne4 7. Bxe4 Bxe4 8. O-O Bxc3 9. bxc3 O-O 10. Ne1 Bb7 11. f3 f5 12. c5 Nc6 13. Rf2 Na5 14. Ba3 Nc4 15. c6 Nxa3 16. cxb7 Rb8 17. Qb3 Qe7 18. c4 b5 19. c5 Nc4 20. a4 Rxb7 21. axb5 d5 22. Nc2 c6 23. Nb4 Rxb5 24. Qa4 Qb7 25. Nc2 a5 26. Na3 Rb4 27. Qc2 Nxe3 28. Qe2 f4 29. g3 Qf7 30. Re1 Rb3 31. Nb1 Qg6 0-1

[Event "Spring Frost"]
[Site "Ottawa CAN"]
[Date "1998.04.16"]
[Round "5"]
[White "Pacey, Kevin"]
[Black "Devenport, Martin"]
[Result "0-1"]
[WhiteElo "2301"]
[BlackElo "2269"]
[PlyCount "68"]
[GameId "2160767911873687"]
[EventDate "1998.03.26"]
[EventType "swiss"]
[EventRounds "5"]
[EventCountry "CAN"]

1. Nf3 d5 2. e3 Nf6 3. d4 e6 4. Bd3 c5 5. c3 Nc6 6. Nbd2 Bd6 7. O-O O-O 8. a3 e5 9. dxe5 Nxe5 10. Nxe5 Bxe5 11. f4 Bc7 12. Qf3 c4 13. Bc2 Re8 14. Kh1 Bb6 15. Re1 Ng4 16. Nf1 f5 17. Re2 Qd6 18. h3 Nf6 19. Ng3 g6 20. Bd2 Bd7 21. Rd1 Bc6 22. Qf1 Rad8 23. Bc1 Qd7 24. e4 fxe4 25. Nxe4 Nh5 26. Kh2 Qe7 27. g4 Nxf4 28. Bxf4 dxe4 29. Rxd8 Rxd8 30. Re1 Qf7 31. Bxe4 Bxe4 32. Rxe4 g5 33. Qe2 gxf4 34. Re7 Rd2 0-1

[Event "St. Catherines CC ch"]
[Site "St. Catherines CAN"]
[Date "1998.02.23"]
[Round "11"]
[White "Savoia, Robert"]
[Black "Acker, Robert"]
[Result "0-1"]
[WhiteElo "2055"]
[BlackElo "2109"]
[PlyCount "78"]
[GameId "2160767911874093"]
[EventDate "1998.01.05"]
[EventType "tourn"]
[EventRounds "11"]
[EventCountry "CAN"]
[SourceTitle "CFC 1998.06"]

1. d4 Nf6 2. c4 e6 3. Nc3 Bb4 4. Qc2 d5 5. a3 Bxc3+ 6. bxc3 O-O 7. Bg5 Nbd7 8. e3 h6 9. Bh4 c5 10. Nf3 Qa5 11. Nd2 Ne4 12. Nxe4 dxe4 13. Be2 cxd4 14. exd4 g5 15. Bg3 f5 16. Bd6 Rf6 17. Be7 Rf7 18. Bb4 Qc7 19. a4 a5 20. Ba3 b6 21. Rb1 Ba6 22. Rb5 Rc8 23. Bb2 Bxb5 24. cxb5 Nf6 25. Qb3 Nd5 26. O-O Nxc3 27. Bh5 Nd5 28. Bxf7+ Kxf7 29. h4 Qc2 30. Qa3 e3 31. fxe3 Qe4 32. Qd6 Rc2 33. Qd7+ Ne7 34. Rf3 Rxb2 35. hxg5 hxg5 36. Qd8 Rxg2+ 37. Kxg2 g4 38. Qxb6 Qxf3+ 39. Kg1 g3 0-1

[Event "Sudbury-ch"]
[Site "Sudbury CAN"]
[Date "1998.10.18"]
[Round "5"]
[White "Kiviaho, Robert"]
[Black "Laitila, Henry"]
[Result "1-0"]
[WhiteElo "2314"]
[BlackElo "1796"]
[PlyCount "41"]
[GameId "2160767911806234"]
[EventDate "1998.10.16"]
[EventType "swiss"]
[EventRounds "5"]
[EventCountry "CAN"]

1. d4 e6 2. e4 d6 3. c4 Nd7 4. f4 Ne7 5. g4 g6 6. h4 Bg7 7. a4 b6 8. b4 Bb7 9. Bg2 f5 10. Nc3 a6 11. Be3 h6 12. h5 Nf6 13. gxf5 exf5 14. hxg6 Ng4 15. Qd3 Nxg6 16. Ra2 Nxe3 17. Qxe3 Qe7 18. e5 Bxg2 19. Rxg2 Nh4 20. Rxg7 Qxg7 21. Rxh4 1-0

[Event "Summer op"]
[Site "Edmonton CAN"]
[Date "1998.08.06"]
[Round "1"]
[White "Ficko, Brady"]
[Black "Kazakevich, Anastasia"]
[Result "1-0"]
[WhiteElo "2025"]
[BlackElo "1542"]
[PlyCount "31"]
[GameId "2160767911806524"]
[EventDate "1998.08.06"]
[EventType "swiss"]
[EventRounds "4"]
[EventCountry "CAN"]
[SourceTitle "Albertabase"]
[SourceDate "2003.08.17"]
[SourceVersion "1"]
[SourceVersionDate "2003.08.17"]
[SourceQuality "1"]

1. Nf3 Nc6 2. g3 e5 3. d3 d5 4. Bg2 Nf6 5. O-O Bd6 6. Nc3 O-O 7. Nh4 Bg4 8. f3 Bh5 9. Nf5 Bc5+ 10. Kh1 Ne7 11. d4 exd4 12. Nxd4 Qd7 13. Bg5 Qd6 14. Ncb5 Qe5 15. Bf4 Ng6 16. Bxe5 1-0

[Event "Summer op"]
[Site "Edmonton CAN"]
[Date "1998.08.20"]
[Round "3"]
[White "Kazakevich, Anastasia"]
[Black "Doo, Alvin"]
[Result "0-1"]
[WhiteElo "1542"]
[BlackElo "1753"]
[PlyCount "56"]
[GameId "2160767911806525"]
[EventDate "1998.08.06"]
[EventType "swiss"]
[EventRounds "4"]
[EventCountry "CAN"]
[SourceTitle "Albertabase"]
[SourceDate "2003.08.17"]
[SourceVersion "1"]
[SourceVersionDate "2003.08.17"]
[SourceQuality "1"]

1. d4 d5 2. c4 e6 3. Nc3 Nf6 4. e3 c5 5. Nf3 Nc6 6. b3 Be7 7. Bd3 O-O 8. O-O Re8 9. Bb2 cxd4 10. exd4 Bb4 11. a3 Bxc3 12. Bxc3 b6 13. Qc2 dxc4 14. bxc4 Bb7 15. Rac1 Rc8 16. Ne5 Nxd4 17. Qb2 Nc6 18. Nxc6 Qxd3 19. Nb4 Qg6 20. f3 Rxc4 21. Bxf6 Rxc1 22. Qxc1 Qxf6 23. Qc7 Qe7 24. Rc1 h6 25. Kf2 Qg5 26. Rd1 Qc5+ 27. Qxc5 bxc5 28. Rd7 Bc8 0-1

[Event "Summer op"]
[Site "Winnipeg CAN"]
[Date "1998.07.24"]
[Round "1"]
[White "Andersen, Sune"]
[Black "Proulx, Roy"]
[Result "1-0"]
[WhiteElo "1581"]
[BlackElo "2006"]
[PlyCount "78"]
[GameId "2160767911872705"]
[EventDate "1998.07.24"]
[EventType "swiss"]
[EventRounds "5"]
[EventCountry "CAN"]

1. e4 e6 2. d4 d5 3. Nd2 Nf6 4. e5 Nfd7 5. Bd3 c5 6. c3 Nc6 7. Ne2 cxd4 8. cxd4 Qb6 9. Nf3 Be7 10. O-O a6 11. a3 Nf8 12. Re1 Bd7 13. b4 Ng6 14. Bg5 h6 15. Be3 Rc8 16. Bxg6 fxg6 17. Qd3 g5 18. h4 Nd8 19. hxg5 Bb5 20. Qg6+ Nf7 21. gxh6 gxh6 22. Nf4 Rc6 23. Rec1 Bc4 24. Nd2 Rf8 25. Nxc4 dxc4 26. d5 exd5 27. Bxb6 Rxg6 28. Nxg6 Rg8 29. Nxe7 Kxe7 30. Rd1 Ke6 31. f4 Rg4 32. Rd4 h5 33. Kf2 Nh6 34. Rad1 Nf5 35. Rxd5 Rxf4+ 36. Kg1 c3 37. Rc5 Ng3 38. Rd6+ Kf5 39. Bd8 h4 1-0